MARC

LEADER 00000nam0a2200000 4500
001 304236
005 20231102001700.0
035 |a (RuTPU)RU\TPU\book\329471 
090 |a 304236 
100 |a 20150911d1983 k y0rusy50 ca 
101 0 |a rus 
102 |a RU 
105 |a y z 001zy 
200 1 |a Одномерные устойчивые распределения  |f В. М. Золотарев 
210 |a Москва  |c Наука  |d 1983 
215 |a 304 с. 
225 1 |a Теория вероятностей. Математическая статистика 
320 |a Библиогр.: с. 291-304 
606 1 |a Распределения функции  |x (математическая статистика)  |2 stltpush  |3 (RuTPU)RU\TPU\subj\64367  |9 81268 
610 1 |a одномерные распределения 
610 1 |a устойчивые распределения 
610 1 |a аналитические свойства 
610 1 |a законы 
610 1 |a классы 
610 1 |a параметры 
610 1 |a оценка 
675 |a 519.224  |v 4 
700 1 |a Золотарев  |b В. М.  |g Владимир Михайлович 
801 1 |a RU  |b 63413507  |c 20150911 
801 2 |a RU  |b 63413507  |c 20190425  |g RCR 
942 |c BK